Video Games by Picture: J-K - Statistics

General Stats
  • This quiz has been taken 69 times
  • The average score is 7 of 24
Answer Stats
Picture Answer % Correct
Just Dance 2016
91%
Kung Fu Panda
82%
Kirby's Dream Land 2
72%
Just Cause 3
51%
Kingdom Hearts 3
51%
Job Simulator
46%
Jurassic Park
46%
Jumanji: The Video Game
37%
Jak and Daxter: The Precursor Legacy
30%
Knack
30%
Kerbal Space Program
26%
Katamari Forever
25%
Journey
23%
Killer Instinct
21%
Killzone: Shadow Fall
21%
Jet Set Radio HD
19%
Kao the Kangaroo
16%
Killing Floor 2
14%
Klonoa: Door to Phantomile
14%
Juiced 2: Hot Import Nights
11%
James Pond 2: Codename Robocod
9%
Knockout Kings 2000
5%
Kula World
5%
Kurushi Final
4%
No matching quizzes found
Score Distribution
Percent of People with Each Score
Percentile by Number Answered
Your Score History
You have not taken this quiz